00753nam a2200241 a 4500008004100000020002200041245010100063260004200164300003500206500002000241650004900261650001500310650003000325650001800355650002500373700002200398700002200420700002000442700002200462003000100484005001700485040000900502  a0721627269 (hbk.)10aSkeletal trauma Fractures, Dislocations, Ligamentous Injuries vol.1/c Bruce D Browner...[et al] aPhiladelphia :bW.B Saunders ,c1992. axxiv, 922 p. :bill. ;c29 cm. aIncludes index. 1aMusculoskeletal systemxWounds and Injuries. aFractures. aBone and BonesxInjuries. aDislocations. aLigamentsxInjuries. aBrowner, Bruce D. aJupiter, Jesse B. aLevine, Alan M. aTrafton, Peter G.20230120204151.0 cNUST